000 00462nam a2200133Ia 4500
008 151001s9999||||xx |||||||||||||| ||und||
100 _aराम मनोहर लोहिया
245 _aदोन हत्यारे सत्ताधाऱ्यांची भाषा आणि जाती
250 _a1
260 _bप्रेस्टीज पब्लिकेशन पुणे
260 _c1971
300 _a130
365 _b22
999 _c957840
_d957837